000 00236nam a2200097Ia 4500
001 983043
005 20250826220958.0
008 250824s9999 xx 000 0 und d
245 0 _aDAHİLER SINIFI
_cDAVİD MOROSİNOTTO
260 _bDOMİNGO
999 _c983043
_d983043